00997 a2200169 4500003000500000005001700005020001400022040000900036082001200045100003200057245008200089505046600171650003900637942001200676999001900688952012000707Nust20221011131441.0 a07046135x cNust a540,NEA aNeal, Arthur Leslie,999891 aChemistry and biochemistry:b a comprehensive introduction /cA. Leslie Neal. aGeneral Chemistry (Page-5), Matter and Energy (Page-5), The Atom (Page-15), The Chemical Bond (Page-39), Chemical Reactions and Equations (page-63) Solutions(Page-83) Chemical Equilibrium (page-113) Suggested Readings for (Page-151),Organic Chemistry (Page-157), Hydrocarbons (Page-179), Alcohols (Page-223), Aldehydes and Ketenes (Page-243), Carboxylic Acid (Page-261), Amines, amides and Hetero-cyclic nitrogen compounds (Page-287), Biochemistry (Page-339).  aChemistry and biochemistry:999892 2ddccBK c183376d183376 00102ddc4070aMCSbMCScGENd2016-12-12o540,NEApMCS6382r2016-12-08w2016-12-12yBKzAlmirah No.25, Shelf No.2